Patria

Gespeichert in:
Bibliographische Detailangaben
1. Verfasser: Morey, S Autor
Format: keine Angabe
Sprache:Spanisch
Erschienen: Montevideo Claudio García 1928
Ausgabe:3a.
Katalog:MANES:  Suchergebnis im Bibliothekskatalog
Schulbuchspezifische Eigenschaften:
Schlagworte:
Tags: Tag hinzufügen
Keine Tags, Fügen Sie den ersten Tag hinzu!
Hinzugefügt zu:26.04.2016

MARC

LEADER 000000000a22000000004500
001 37566
008 160427s uy ||||| |||| 00| 0 spa d
040 |a manes  |c manes 
100 1 |a Morey, S  |b Autor 
245 0 0 |a  Patria 
250 |a 3a. 
260 |a Montevideo  |b Claudio García  |c 1928 
300 |a 66  |c 19 x 14 cm. 
500 |a Esta cartilla contiene las nociones más elementales del derecho constitucional puestas al alcance de los alumnos que se inician en esta asignatura en nuestras escuelas rurales y urbanas. 
546 |a Uruguay 
650 7 |a Educación Cívica y Social 
655 7 |a Primaria 
999 |c 49321  |d 49321 
999 |c manes:49321  |d 49321